Kapitálové trhy

Saved in:
Bibliographic Details
Main Author: Pavlát, Vladislav
Format: Book
Language:Czech
Published: Praha PROFESSIONAL PUBLISHING 2003
Subjects:
Tags: Add Tag
No Tags, Be the first to tag this record!

MARC

LEADER 00000nam$a2200000$$$4500
001 0007778
005 20240306141442.0
020 |a 80-86419-33-9 
041 0 |a cze 
044 |a CZ 
245 1 0 |a Kapitálové trhy  |c Vladislav Pavlát a kol. 
264 1 |a Praha  |b PROFESSIONAL PUBLISHING  |c 2003 
300 |a 296 s. 
610 2 0 |a trh kapitálový 
610 2 0 |a trh kapitálový medzinárodný 
610 2 0 |a trh finančný 
610 2 0 |a trh peňažný 
610 2 0 |a burzy 
610 2 0 |a euroobligácie 
610 2 0 |a investície finančné 
610 2 0 |a nástroje investičné 
610 2 0 |a zdroje finančné 
610 2 0 |a legislatíva 
610 2 0 |a Európska únia 
610 2 0 |a smernice 
610 2 0 |a trh verejný 
610 2 0 |a eurotrhy 
100 1 |a Pavlát, Vladislav